| 000 | 00854nam a2200241 i 4500 | ||
|---|---|---|---|
| 001 | bg | ||
| 100 | 1 | _aŚmiałek, Michał. | |
| 245 | 0 |
_aSoftware development with reusable requirements-based cases / _cMichał Śmiałek. |
|
| 260 |
_aWarszawa : _bOficyna Wydawnicza Politechniki Warszawskiej, _c2007. |
||
| 300 |
_a147 s. : _brys. ; _c24 cm. |
||
| 490 |
_aPrace Naukowe / Politechnika Warszawska. Elektryka, _x0137-2319 ; _vz. 135 |
||
| 500 | _aOpis wg okł. Tyt. nagł. serii : Prace Naukowe Politechniki Warszawskiej. | ||
| 546 | _aStreszcz. pol. | ||
| 650 | 9 | _aProgramowanie (informat.) | |
| 830 | 0 |
_aPrace Naukowe - Politechnika Warszawska. _pElektryka, _x0137-2319 ; _vz. 135 |
|
| 022 | _a01372319 | ||
| 040 | _cBPK | ||
| 041 | 0 |
_aeng _bpol |
|
| 044 | _aPOL | ||
| 080 | _a004.41 | ||
| 942 | _cKS | ||
| 008 | s pl f |000 0 pol | ||
| 999 |
_c55067 _d55067 |
||
| 856 |
_uhttp://koha.tu.koszalin.pl/cgi-bin/koha/opac-detail.pl?biblionumber=55067 _yKatalog online BPK |
||